Score 0/12 Timer 10:00
0 Plays Today
Witch Familiar(s) % Correct
GertrudAnthony&Adelbert
82.6%
AlbertineAnja
78.3%
CharlottePyotr
72.8%
Elsa MariaSebastian
63%
Oktavia von SeckendorffHolger(Timeline III)/Klarissa(Main Timeline)
62%
Kirsten (H.N.Elly)Daniyyel&Jennifer
57.6%
SuleikaUlla
51.1%
GiselaDora
48.9%
RobertaGötz
47.8%
IzabelMichaela
45.7%
UhrmannBartels
44.6%
PatriciaMathieu
43.5%
Remove Ads.
Support Sporcle.
Get the best of Sporcle when you Go Orange. This ad-free experience offers more features, more stats, and more fun while also helping to support Sporcle. Thank you for becoming a member.

You're not logged in!

Compare scores with friends on all Sporcle quizzes.
OR
Log In

Show Comments

Extras

Top Quizzes Today


Score Distribution

Your Account Isn't Verified!

In order to create a playlist on Sporcle, you need to verify the email address you used during registration. Go to your Sporcle Settings to finish the process.

Report this User

Report this user for behavior that violates our Community Guidelines.

Details: